| 000 | 00973naa a22002777a 4500 | ||
|---|---|---|---|
| 001 | BR9607380 | ||
| 003 | BR-BrBNA | ||
| 005 | 20240918181717.0 | ||
| 007 | ta | ||
| 008 | 230509b bl.||||| |||| 00| 0 por d | ||
| 040 |
_aBR-BrBNA _bpor _cBiblioteca Nacional de Agricultura |
||
| 041 | _a(Pt) | ||
| 072 |
_aL10 _b5212 |
||
| 090 | _aL10 BR9607380 | ||
| 100 | 1 | _aLobo, R.B. | |
| 111 | 1 |
_a11. Semana de Zootecnia _cPirassununga, SP (Brazil) _d8-12 Dec 1986 |
|
| 245 | 1 | _aProjeto cruzamento em dialelo: resultados preliminares | |
| 260 | 3 |
_aCampinas, SP (Brasil): _c1986. |
|
| 500 | _a11. Semana de Zootecnia. Trabalhos apresentados Campinas, SP (Brasil): 1986. p. 41-49 (BR9607380-AM)L10 | ||
| 650 | _aBovino | ||
| 650 | _aCruzamento Dialelico | ||
| 650 | _aInseminacao Artificial | ||
| 773 | 0 |
_t11. Semana de Zootecnia. Trabalhos apresentados _wL10 BR9607380 _gCampinas, SP (Brasil), 1986. p. 41-49 |
|
| 909 |
_a202404 _bLucia _c55 _dLucia Elande |
||
| 942 |
_cAM _2AGRIS |
||
| 999 |
_c326500 _d326500 |
||